Quizzes
Events
Quiz Creation
Community
Videos
Private Events
Remove Ads
Sign In
Join for FREE
Feedback
Dark Mode
Quiz Categories
Sports
Geography
Music
Movies
Television
Just For Fun
Miscellaneous
History
Literature
Language
Science
Gaming
Entertainment
Religion
Holiday
For Kids
Quiz Lab
Recent
Popular Today
Quiz Kudos Today
Editor Picks
Curator Picks
Quizzes by...
Day
Popularity
Type
Ratings
Length
Year
Community
Subscriptions
Recent Discussions
Orange Saloon
Badges
Playlists
Quests
Create
Leaderboards
Showdown
Live 5
Trivia Bingo
Activity
Puzzle Library
Sporcle Events
Private Events
Virtual Trivia
Globe League
Become a Host
Pub Owners
SporcleCon
Opinionation
Our Games
Videos
Blog
Mobile Apps
Partnerships
Remove Ads and Go Orange
Feedback
Music
Pop Music
The Beatles
Song
Album
Lyrics
Bands
Singers
Artist
Clip
Rock
Rap
Classical
Billboard
Country Music
Kpop
Taylor Swift
Music
Pop Music
The Beatles
Song
Album
Lyrics
Bands
Singers
Artist
Clip
Rock
Rap
Classical
Billboard
Country Music
Kpop
Taylor Swift
Random Quiz
Search Sporcle
×
Quiz Lab
Quiz Lab
Music
Workout
Type in answers that appear in a list
Type in answers that appear in a list
Classic
Best Score? Go Orange.
Workout J Cole Stats
Can you name the workout J Cole?
By
JColeMF
10m
123 Questions
335 Plays
335 Plays
335 Plays
Comments
Comments
Give Quiz Kudos
Give Quiz Kudos
-
- Ratings
hide this ad
Forced Order
Answers have to be entered in order
Answers have to be entered in order
Replay
Link that replays current quiz
Next Quiz
Link to next quiz in quiz playlist
You Got
0%
They Got
Avg Score
17%
Avg Friend Score
Upgrade to see
Score Distribution
Jump to the score distribution portion of the page
Score
0/123
Timer
10:00
0
Plays Today
% Correct
she
97.6%
like
95.2%
them
91%
the
89%
boys
88.7%
big
88.7%
with
88.1%
old
85.4%
chains
83.3%
around
68.7%
town
66.9%
ride
65.1%
the
64.8%
big
63.9%
old
63%
in
61.5%
range
58.5%
i
48.7%
knew
45.1%
i
32.8%
when
31.6%
the
29.6%
her
29%
now
28.7%
little
28.7%
old
27.5%
big
27.5%
rocked
22.7%
big
22.4%
old
22.1%
doin'
21.2%
you
20%
thangs
19.7%
i
18.8%
would
18.5%
look
18.5%
at
18.5%
for
18.5%
that
18.2%
back
18.2%
came
17.9%
% Correct
jeans
16.4%
her
14.9%
n***a
6.6%
i
6.3%
i
4.2%
i
3.9%
i
3.9%
i
3.9%
i
3.9%
the
3.6%
the
3.6%
and
3.6%
know
3.3%
up
3.3%
what
3.3%
your
3.3%
one
3.3%
a
3.3%
the
3.3%
you
3.3%
the
3.3%
night
3.3%
so
3%
but
3%
just
3%
to
3%
this
3%
her
2.7%
told
2.7%
her
2.7%
baby
2.7%
come
2.7%
here
2.7%
town
2.7%
aint
2.7%
there
2.7%
brag
2.7%
hardly
2.7%
show
2.7%
at
2.7%
party
2.7%
% Correct
made
2.7%
in
2.7%
but
2.7%
so
2.7%
is
2.7%
love
2.7%
just
2.7%
im
2.7%
for
2.7%
rebounds
2.4%
caught
2.4%
off
2.4%
backboard
2.4%
run
2.4%
even
2.4%
when
2.4%
from
2.4%
make
2.4%
year
2.4%
thats
2.4%
unfair
2.4%
take
2.4%
chance
2.4%
roll
2.4%
dice
2.4%
money
2.4%
cant
2.4%
buy
2.4%
its
2.4%
dont
2.4%
over
2.4%
think
2.4%
hope
2.4%
its
2.4%
right
2.4%
only
2.4%
here
2.4%
life
2.1%
overpriced
2.1%
n***a
1.8%
'cos
1.2%
Quiz Playlist
Details
Report
Send in Message
Add To Playlist
Classic:
Type in answers that appear in a list
Forced Order:
Answers have to be entered in order
Quiz Source
Last Updated: Apr 16, 2017
Quiz Scoreboard
CHALLENGE
Sign Up to Join the Scoreboard
Show All
Scores
Hide
Comments
May contain spoilers
Recently Published
Popular People in 1961
by mucciniale
History
6m
1-10 Letter E Words III
by El_Dandy
Language
2m
One Thing in Common: World Cities II
by knightlancer
Geography
7m
More to Explore
Quiz From the Vault
Featured Blog Post
Where Did the Easter Bunny Come From?
hide this ad
You Might Also Like...
Tags
cole
Workout
Today's Top Quizzes in Music
Browse Music
hide this ad
Today's Top Quizzes in Workout
Browse Workout
Top Contributed Quizzes in Music
1
Taylor Swift All Songs (2024)
2
2010s Album by Cover III
3
Taylor Swift Logic Puzzle
4
One Thing in Common: Music
5
Guess the Artist- 70s Songs
6
Guess the Taylor Swift song (Mystery Song)
7
2010s Album by Cover V
8
2010s Album by Cover IV
9
Lana Del Rey Discography (BTD to DYKTTATUOB)
10
KPOP LOGIC QUIZ
Explore More
Trending Topics
Harry Potter
Marvel
NBA
Crossword
Kpop
Anime
Disney
NFL
Pokémon
Song
Puzzle
Country
WWE
Soccer
The Office
hide this ad
More By:
JColeMF
Quiz
Plays
Rating
Category
Featured
Created
workout J Cole
335
1.60
Music
Feb 14, 2012
name rapper/singer
151
Music
Feb 14, 2012
Go to Creator's Profile
Score Distribution
Quiz Creator Spotlight
JColeMF
Follow
Send a Message
Quizzes Created
-
Created Quiz Play Count
-
More By This Creator
Popular Quizzes Today
1
Find the US States - No Outlines Minefield
2
The Countries of the World
3
Find the Countries of Europe - No Outlines Minefield
4
Popular People in 1961
5
1-10 Letter E Words III
6
Find the US States
7
One Thing in Common: World Cities II
8
US States
More Music Quizzes
Can You Fill Me In? 1960s Songs II
Quiz Lab
Trending Quizzes
Risky Map Clicking: Least Populous States A-Z
1-10 Letter F Words
1-10 Letter G Words
One Thing in Common: United Kingdom
Risky Map Clicking: Next State Alphabetically
Recently Updated
Leaping Animals
pecheneg
Reality TV Shows (A-Z)
bhenderson79
Rickey Henderson's Hall of Fame Teammates
pecheneg
Champions League XIs: Arsenal
pecheneg
Quick Pick: Celebrities in WWE's Hall of Fame
aduchscher
A-Z Keypad Blitz II
pecheneg
Multiple Oscar Actors
pecheneg
Mystery Phrase Blitz: Oscar 'Best Actors'
pecheneg
F. Scott Fitzgerald Novels
LTH
Pick 3 Villains
ddd62291
Trending Topics
Kpop
Anime
Crossword
Harry Potter
Marvel
Disney
NBA
Soccer
Pokémon
The Office
WWE
Puzzle
Country
Song
NFL
Your Account Isn't Verified!
In order to create a playlist on Sporcle, you need to verify the email address you used during registration. Go to your
Sporcle Settings
to finish the process.
Report this User
Report this user for behavior that violates our
Community Guidelines
.
Details:
Send Report
Go to the Sporcle.com Mobile Site →
Comments